Quiz voiture: Supercars/Hypercars #2 - Statistiques

Statistiques générales
  • Ce quiz a été pris 980 fois
  • Le résultat moyen est 11 sur 16
Statistiques - réponses
Par images Réponse % Correct
Lamborghini Aventador
88%
Shelby Mustang
86%
Ferrari Laferrari
85%
Lamborghini Countach
85%
Chevrolet Corvette C7
84%
Chevrolet Camaro
82%
Mclaren P1
82%
Mercedes SLR
74%
Audi RS5
73%
Mercedes Amg Gt
73%
Lamborghini Murcielago
72%
Aston Martin Vantage
64%
Ferrari 458 Italia
59%
Ferrari F430
52%
Ferrari 599 GTO
43%
Mclaren 650S
30%
Aucun quiz correspondant
Distribution des résultats
% des personnes avec chaque résultat
Percentile par nombre de réponses
Votre historique - résultats
Vous n’avez pas pris ce quiz